Music Quiz

Random Music or Clickable Quiz

Songs with Your/You're in the Title (clickable) Quiz Stats

 Plays Quiz not verified by Sporcle

Score 0/65 Timer 12:00
0 Plays Today
% Correct
Stand
77.1%
a Merry Little Christmas
76.5%
Best Shot
75.8%
You Gotta Fight For
74.5%
I Want
73.9%
Own Way
73.9%
So Vain
73.9%
I Wanna Hold
72.5%
50 Ways To Leave
72.5%
The One That I Want
70.6%
Eyes Only
69.9%
Glass
69.9%
Lose
69.3%
Children
69.3%
I Just Died In
68%
Heart
68%
Song
68%
Beautiful
67.3%
Body
64.7%
Hands To Yourself
63.4%
How Deep Is
62.1%
Girl
62.1%
Wrapped Around
61.4%
Talking In
61.4%
The First Time Ever I Saw
60.1%
Love Flow
59.5%
I'm
57.5%
Signed, Sealed, Delivered
56.2%
Listen To
55.6%
Name
54.9%
In Love With A Beautifull Woman
54.9%
Body Is A Wonderland
54.2%
Baby I Love
52.9%
% Correct
Boogie Man
51.6%
Groove Thing
51%
I Just Want To Be
49.7%
Hand In The Hand
49.7%
My First, My Last, My Everything
49.7%
Love Around
49%
Who Will Save
47.7%
self
47.1%
Lost In
46.4%
Steppin' Stone
46.4%
Sunshine Of
45.8%
Tailfeather
43.1%
Let Me Blow
42.5%
Heart a Break
41.8%
If I Were
40.5%
Body (Down to the Ground)
40.5%
Dirt Off
39.9%
Thing
39.9%
Come And Get
39.2%
Time (Do It Right)
37.9%
No Good
36.6%
When I Was
35.9%
In My Heart
35.9%
Captain (Closer To Home)
32.7%
Gonna Miss Me When I'm Gone
32.7%
Love Is My Drug
32%
Gonna Lose That Girl
32%
Love Has Lifted Me Higher & Higher
31.4%
A Mean One, Mr. Grinch
28.8%
Even If It Breaks
26.8%
My Love Is
25.5%
Never Fully Dressed Without a Smile
20.3%

You're not logged in!

Compare scores with friends on all Sporcle quizzes.
OR
Log In

You Might Also Like...

Show Comments

Extras

Created Feb 16, 2015ReportNominate
Tags:Clickable Quiz, Song Quiz, finish

Top Quizzes Today


Score Distribution

Your Account Isn't Verified!

In order to create a playlist on Sporcle, you need to verify the email address you used during registration. Go to your Sporcle Settings to finish the process.

Report this User

Report this user for behavior that violates our Community Guidelines.

Details: